[Event "CCT Chessable Masters Play-In 2025"]
[Site "Online"]
[Date "2025.02.17"]
[Round "9.26"]
[White "Abdusattorov, Nodirbek"]
[Black "Samadov, Read"]
[Result "0-1"]
[WhiteElo "2766"]
[BlackElo "2501"]
[PlyCount "76"]
[EventDate "2025.02.13"]
[EventType "swiss"]
[EventCountry "NET"]

1. d4 Nf6 2. c4 c6 3. Nc3 d5 4. cxd5 cxd5 5. Bf4 Nc6 6. e3 Bf5 7. Nf3 e6 8. Qb3 Bb4 9. Bb5 O-O 10. O-O Bxc3 11. Qxc3 Rc8 12. Qa3 Qb6 13. Ba4 Nb4 14. h3 Nc2 15. Bxc2 Rxc2 16. Bd6 Rfc8 17. Bc5 Qxb2 18. Qxa7 Rxf2 19. Rxf2 Qxa1+ 20. Kh2 Qb1 21. Qa3 Ne4 22. Rb2 Qf1 23. Qa5 h6 24. Rxb7 Bxh3 25. Kxh3 Qh1+ 26. Nh2 Nf2+ 27. Kg3 Ne4+ 28. Kh3 g5 29. Rb2 g4+ 30. Kxg4 Qxh2 31. Qe1 f5+ 32. Kf3 Qh5+ 33. Kf4 Qg5+ 34. Ke5 f4+ 35. Kxe6 Nxc5+ 36. dxc5 Re8+ 37. Kd6 Qe7+ 38. Kxd5 Qe4+ 0-1

[Event "CCT Chessable Masters Play-In 2025"]
[Site "Online"]
[Date "2025.02.17"]
[Round "9.27"]
[White "Bjerre, Jonas Buhl"]
[Black "Puranik, Abhimanyu"]
[Result "0-1"]
[WhiteElo "2640"]
[BlackElo "2636"]
[PlyCount "72"]
[EventDate "2025.02.13"]
[EventType "swiss"]
[EventCountry "NET"]

1. e4 e5 2. Nf3 Nc6 3. Bc4 Bc5 4. d3 Nf6 5. a4 h6 6. Be3 Bxe3 7. fxe3 a5 8. Nc3 d6 9. Qd2 Be6 10. O-O-O Bxc4 11. dxc4 Nd7 12. g4 Nc5 13. Qg2 Qd7 14. Nh4 O-O-O 15. Rhf1 f6 16. b3 h5 17. Ng6 Rh6 18. gxh5 Rxh5 19. h4 Rh6 20. Nd5 Kb8 21. Rg1 Re8 22. Qf3 Nb4 23. Nc3 Qf7 24. Qf5 Ne6 25. Rg2 b6 26. Rdg1 Kb7 27. Qf3 Rd8 28. Kb2 Rd7 29. Nd5 Nf8 30. h5 Ne6 31. Rf2 Na6 32. Nc3 Nac5 33. Ne2 Qe8 34. Qh1 Ng5 35. Ng3 Rh7 36. Qh4 Qxg6 0-1

[Event "CCT Chessable Masters Play-In 2025"]
[Site "Online"]
[Date "2025.02.17"]
[Round "9.28"]
[White "Martirosyan, Haik M."]
[Black "Rakhmanov, Aleksandr"]
[Result "0-1"]
[WhiteElo "2645"]
[BlackElo "2585"]
[PlyCount "78"]
[EventDate "2025.02.13"]
[EventType "swiss"]
[EventCountry "NET"]

1. Nc3 Na6 2. d4 c5 3. d5 g6 4. e4 Bg7 5. Nf3 d6 6. Be3 Nf6 7. h3 O-O 8. Be2 Nc7 9. a4 b6 10. O-O Ba6 11. Bxa6 Nxa6 12. e5 dxe5 13. Nxe5 Nb4 14. Qf3 Nfxd5 15. Rad1 Bxe5 16. Nxd5 Nxd5 17. Rxd5 Qc7 18. c3 Rad8 19. Rfd1 e6 20. R5d2 Rxd2 21. Rxd2 Rd8 22. g3 Rxd2 23. Bxd2 h5 24. Qe4 Kg7 25. Be3 Bf6 26. Bf4 Qd7 27. a5 bxa5 28. Be3 Qb5 29. Qf4 Qxb2 30. Bxc5 Bxc3 31. Qd6 Qb7 32. Qf8+ Kh7 33. Be7 Qb1+ 34. Kh2 Qf5 35. Bc5 Bb4 36. Bxb4 Qxf2+ 37. Kh1 axb4 38. h4 b3 39. Qxf7+ Qxf7 0-1

[Event "CCT Chessable Masters Play-In 2025"]
[Site "Online"]
[Date "2025.02.17"]
[Round "9.29"]
[White "Narayanan, Srinath"]
[Black "Suyarov, Mukhammadzokhid"]
[Result "1-0"]
[WhiteElo "2516"]
[BlackElo "2465"]
[PlyCount "39"]
[EventDate "2025.02.13"]
[EventType "swiss"]
[EventCountry "NET"]

1. e4 e6 2. d4 d5 3. Nd2 c5 4. exd5 Qxd5 5. Ngf3 cxd4 6. Bc4 Qd7 7. O-O Nc6 8. Nb3 Nf6 9. Nbxd4 Nxd4 10. Qxd4 Qxd4 11. Nxd4 Bd7 12. Be2 Bc5 13. Nb3 Bb6 14. Bf3 Bc6 15. Bxc6+ bxc6 16. a4 O-O 17. Bf4 Rfd8 18. a5 Bd4 19. Nxd4 Nd5 20. Be3 1-0

[Event "CCT Chessable Masters Play-In 2025"]
[Site "Online"]
[Date "2025.02.17"]
[Round "9.30"]
[White "Fressinet, Laurent"]
[Black "Pranav Anand"]
[Result "0-1"]
[WhiteElo "2588"]
[BlackElo "2538"]
[PlyCount "56"]
[EventDate "2025.02.13"]
[EventType "swiss"]
[EventCountry "NET"]

1. Nf3 d5 2. e3 Nf6 3. c4 e6 4. Nc3 a6 5. cxd5 exd5 6. g3 Bd6 7. Bg2 Nc6 8. O-O O-O 9. b3 Bf5 10. Ne2 Qd7 11. Bb2 Ne4 12. d3 Nc5 13. Ne1 Bh3 14. Nf3 Bxg2 15. Kxg2 Qf5 16. Nc1 Rfe8 17. Nh4 Qd7 18. Ne2 Be7 19. Nf3 Qf5 20. Nc1 Bf6 21. Bxf6 Qxf6 22. Rb1 a5 23. Ne2 Nb4 24. Nf4 Ne6 25. Nxe6 Qxe6 26. Nd4 Qg6 27. Nb5 Re7 28. Qd2 c6 0-1

[Event "CCT Chessable Masters Play-In 2025"]
[Site "Online"]
[Date "2025.02.17"]
[Round "9.31"]
[White "Ding, Liren"]
[Black "Mendonca, Leon Luke"]
[Result "1/2-1/2"]
[WhiteElo "2734"]
[BlackElo "2641"]
[PlyCount "49"]
[EventDate "2025.02.13"]
[EventType "swiss"]
[EventCountry "NET"]

1. e4 c5 2. Nf3 d6 3. d4 cxd4 4. Nxd4 Nf6 5. Nc3 a6 6. h3 e5 7. Nb3 Be7 8. Be3 Be6 9. Qf3 Nbd7 10. g4 Nb6 11. g5 Nfd7 12. h4 Rc8 13. Bh3 Nc4 14. O-O-O Qc7 15. Rd3 b5 16. Qe2 Ndb6 17. Bxb6 Nxb6 18. Kb1 O-O 19. a3 Qc4 20. Nd2 Qc6 21. Nb3 Qd7 22. Qf3 Qc7 23. Qe2 Qc4 24. Na5 Qc7 25. Nb3 1/2-1/2

[Event "CCT Chessable Masters Play-In 2025"]
[Site "Online"]
[Date "2025.02.17"]
[Round "9.32"]
[White "Grandelius, Nils"]
[Black "Bok, Benjamin"]
[Result "1/2-1/2"]
[WhiteElo "2644"]
[BlackElo "2583"]
[PlyCount "68"]
[EventDate "2025.02.13"]
[EventType "swiss"]
[EventCountry "NET"]

1. d4 Nf6 2. c4 e6 3. Nc3 Bb4 4. Qc2 d5 5. a3 Bxc3+ 6. Qxc3 O-O 7. cxd5 Ne4 8. Qc2 exd5 9. Bf4 Nc6 10. Rd1 Bf5 11. Qc1 Re8 12. f3 Nd6 13. e3 a5 14. h4 h5 15. Ne2 a4 16. Ng3 Bg6 17. Kf2 Na5 18. Qc3 Ndc4 19. Bd3 Ra6 20. Bxg6 Rxg6 21. Qc2 Rb6 22. Rb1 g6 23. Ne2 Rb3 24. Nc3 b5 25. Bg5 Qd7 26. Rhg1 b4 27. axb4 Nc6 28. Nxa4 Nxd4 29. Nc5 Nxc2 30. Nxd7 Kg7 31. Bf6+ Kh6 32. Bg5+ Kg7 33. Bf6+ Kh6 34. Bg5+ Kg7 1/2-1/2

[Event "CCT Chessable Masters Play-In 2025"]
[Site "Online"]
[Date "2025.02.17"]
[Round "9.33"]
[White "Naroditsky, Daniel"]
[Black "Salem, A.R. Saleh"]
[Result "1/2-1/2"]
[WhiteElo "2619"]
[BlackElo "2631"]
[PlyCount "212"]
[EventDate "2025.02.13"]
[EventType "swiss"]
[EventCountry "NET"]

1. e4 c6 2. Nf3 d5 3. d3 dxe4 4. dxe4 Qxd1+ 5. Kxd1 Nf6 6. Nbd2 g6 7. a4 Bh6 8. Bc4 Bg4 9. Re1 Nbd7 10. h3 Bxd2 11. Bxd2 Bxf3+ 12. gxf3 O-O-O 13. Bxf7 Ne5 14. Be6+ Kb8 15. Ra3 Rd6 16. f4 Rhd8 17. Bd5 Nxe4 18. Bxe4 Rxd2+ 19. Kc1 Nf7 20. Bd3 Rxf2 21. Rxe7 Nd6 22. Rxh7 Rxf4 23. a5 a6 24. Rb3 c5 25. Bxa6 c4 26. Rb6 Rf1+ 27. Kd2 Rf6 28. Kc3 Ne4+ 29. Kxc4 Rxb6 30. axb6 bxa6 31. Kb4 Rd5 32. c4 a5+ 33. Ka4 Re5 34. h4 Nd6 35. b3 Nc8 36. Rh6 Nxb6+ 37. Ka3 Re3 38. c5 Nd7 39. Ka4 Nxc5+ 40. Kxa5 Rxb3 41. Rxg6 Kc7 42. h5 Rh3 43. h6 Rh5 44. Kb4 Nd3+ 45. Kc3 Ne5 46. Rg7+ Kd6 47. h7 Ke6 48. Ra7 Kf6 49. Ra6+ Kf5 50. Ra7 Rh3+ 51. Kc2 Nc6 52. Rd7 Ne5 53. Rc7 Ng4 54. Rg7 Nf6 55. Rf7 Kg6 56. h8=Q Rxh8 57. Ra7 Rh2+ 58. Kd3 Rh4 59. Ra6 Kf5 60. Ra5+ Ke6 61. Ra8 Nd5 62. Re8+ Kd6 63. Ra8 Ke5 64. Re8+ Kd6 65. Rd8+ Ke6 66. Re8+ Kf5 67. Rd8 Nf6 68. Ra8 Rh3+ 69. Kd4 Rh1 70. Ra5+ Kf4 71. Kd3 Rd1+ 72. Ke2 Rd4 73. Ra6 Ne4 74. Ra3 Rd2+ 75. Ke1 Rb2 76. Kd1 Rh2 77. Kc1 Ke5 78. Ra8 Kd4 79. Rd8+ Kc4 80. Rc8+ Nc5 81. Kd1 Kd4 82. Ke1 Ne4 83. Rd8+ Ke3 84. Kd1 Nc3+ 85. Kc1 Nb5 86. Re8+ Kd3 87. Rg8 Nd4 88. Kb1 Nf3 89. Rc8 Nd2+ 90. Kc1 Nc4 91. Kb1 Kc3 92. Rb8 Nd6 93. Rb6 Ne4 94. Rc6+ Kd3 95. Kc1 Rh8 96. Rc7 Rb8 97. Rd7+ Kc3 98. Rc7+ Kd3 99. Rd7+ Kc3 100. Rh7 Nc5 101. Rc7 Kd4 102. Kc2 Rh8 103. Rg7 Rh2+ 104. Kd1 Ke3 105. Re7+ Ne4 106. Kc1 Rg2 1/2-1/2

[Event "CCT Chessable Masters Play-In 2025"]
[Site "Online"]
[Date "2025.02.17"]
[Round "9.34"]
[White "Anton Guijarro, David"]
[Black "Sethuraman, S.P."]
[Result "0-1"]
[WhiteElo "2668"]
[BlackElo "2557"]
[PlyCount "86"]
[EventDate "2025.02.13"]
[EventType "swiss"]
[EventCountry "NET"]

1. Nf3 d5 2. e3 Nf6 3. b3 g6 4. Bb2 Bg7 5. c4 O-O 6. Nc3 c5 7. Nxd5 Nxd5 8. Bxg7 Kxg7 9. cxd5 Qxd5 10. Qc2 Nc6 11. Qb2+ f6 12. Bc4 Qd6 13. O-O Bg4 14. Be2 Rfd8 15. Rfd1 Ne5 16. d4 Nxf3+ 17. Bxf3 Bxf3 18. gxf3 Rac8 19. Rac1 Qd5 20. f4 Qf3 21. Rd2 Rd5 22. Rxc5 Rcxc5 23. dxc5 Rxc5 24. Qb1 g5 25. Qd1 Qc6 26. Qe2 Rc1+ 27. Rd1 Qa6 28. Qxa6 Rxd1+ 29. Qf1 Rxf1+ 30. Kxf1 gxf4 31. exf4 Kg6 32. Kg2 Kf5 33. Kf3 a5 34. h3 b5 35. a3 a4 36. bxa4 bxa4 37. Ke3 h5 38. Kf3 e5 39. fxe5 fxe5 40. Ke3 e4 41. h4 Ke5 42. f3 exf3 43. Kxf3 Kf5 0-1

[Event "CCT Chessable Masters Play-In 2025"]
[Site "Online"]
[Date "2025.02.17"]
[Round "9.35"]
[White "Xiao, Tong"]
[Black "Bluebaum, Matthias"]
[Result "0-1"]
[WhiteElo "2491"]
[BlackElo "2643"]
[PlyCount "56"]
[EventDate "2025.02.13"]
[EventType "swiss"]
[EventCountry "NET"]

1. Nf3 d5 2. d4 e6 3. c4 Nf6 4. Nc3 Bb4 5. Qa4+ Nc6 6. e3 O-O 7. Bd2 Qe8 8. Qc2 dxc4 9. Bxc4 e5 10. dxe5 Nxe5 11. Be2 Bg4 12. Nxe5 Qxe5 13. O-O Rad8 14. Be1 Bd6 15. g3 Bh3 16. f4 Qc5 17. Bf2 Bxf1 18. Rxf1 Qc6 19. Bb5 Qb6 20. Be2 Rfe8 21. Kg2 Qa5 22. a3 c6 23. e4 Bf8 24. b4 Qxa3 25. Rb1 Bxb4 26. Rb3 Qa5 27. e5 Bxc3 28. exf6 Rd2 0-1

[Event "CCT Chessable Masters Play-In 2025"]
[Site "Online"]
[Date "2025.02.17"]
[Round "9.36"]
[White "Kuzubov, Yuriy"]
[Black "Murzin, Volodar"]
[Result "0-1"]
[WhiteElo "2597"]
[BlackElo "2657"]
[PlyCount "122"]
[EventDate "2025.02.13"]
[EventType "swiss"]
[EventCountry "NET"]

1. d4 Nf6 2. Nf3 b6 3. c4 e6 4. g3 Bb7 5. Bg2 Bb4+ 6. Bd2 a5 7. O-O O-O 8. Bg5 Be7 9. Re1 d6 10. Nc3 Ne4 11. Bxe7 Qxe7 12. Qd3 Nxc3 13. bxc3 Nd7 14. Ng5 Qxg5 15. Bxb7 Rad8 16. Bc6 Nb8 17. f4 Qe7 18. Bf3 Nd7 19. e4 e5 20. Kh1 Kh8 21. Rg1 Qf6 22. Qe3 Qh6 23. Rae1 Rfe8 24. Rgf1 Re7 25. Kg1 Rde8 26. Re2 Nf8 27. Bg2 Nd7 28. Qf3 Nf6 29. Rfe1 Qh5 30. Qxh5 Nxh5 31. Bf3 Nf6 32. Kf2 g6 33. h3 Kg7 34. Re3 h5 35. Kg2 Nd7 36. R1e2 Nf8 37. Rd3 h4 38. dxe5 dxe5 39. f5 gxf5 40. Rde3 f4 41. gxf4 Ng6 42. Rd2 Nxf4+ 43. Kf1 Re6 44. Bg4 Rc6 45. Bd1 Ree6 46. Ba4 Red6 47. Ke1 Rxd2 48. Kxd2 Rg6 49. c5 Rg2+ 50. Kc1 Rxa2 51. cxb6 cxb6 52. Bd7 Kf6 53. c4 Ke7 54. Bg4 Kd6 55. Rb3 Kc7 56. Rb5 f6 57. c5 bxc5 58. Rxc5+ Kd6 59. Rc8 a4 60. Kb1 Ra3 61. Rh8 Nxh3 0-1

[Event "CCT Chessable Masters Play-In 2025"]
[Site "Online"]
[Date "2025.02.17"]
[Round "9.37"]
[White "Harikrishna, Pentala"]
[Black "Bologan, Victor"]
[Result "1-0"]
[WhiteElo "2695"]
[BlackElo "2603"]
[PlyCount "69"]
[EventDate "2025.02.13"]
[EventType "swiss"]
[EventCountry "NET"]

1. e4 d6 2. d4 Nf6 3. Bd3 e5 4. c3 Nbd7 5. Ne2 g6 6. O-O Bg7 7. Nd2 O-O 8. Re1 d5 9. exd5 Nxd5 10. Nf3 exd4 11. Nexd4 c6 12. Bg5 Qb6 13. Qd2 Nc5 14. Bc4 Ne6 15. Bxd5 Nxg5 16. Bb3 Nxf3+ 17. Nxf3 Qc5 18. Ng5 Bf5 19. Qf4 Bh6 20. h4 Kg7 21. Re5 Qb6 22. Rxf5 gxf5 23. Qe5+ Kg8 24. Nxf7 Rxf7 25. Qe6 Kh8 26. Qxf7 Rf8 27. Qe6 Bg7 28. Rd1 Qc7 29. Rd7 Qf4 30. Rxg7 Kxg7 31. Qe7+ Kg6 32. h5+ Kxh5 33. Qxh7+ Kg5 34. Qg7+ Kh5 35. Bd1+ 1-0

[Event "CCT Chessable Masters Play-In 2025"]
[Site "Online"]
[Date "2025.02.17"]
[Round "9.38"]
[White "Zhu, Jiner"]
[Black "Svane, Rasmus"]
[Result "0-1"]
[WhiteElo "2514"]
[BlackElo "2621"]
[PlyCount "66"]
[EventDate "2025.02.13"]
[EventType "swiss"]
[EventCountry "NET"]

1. e4 g6 2. d4 Bg7 3. Nc3 d6 4. Be3 a6 5. g4 b5 6. Bg2 Bb7 7. h4 h5 8. gxh5 Rxh5 9. Bf3 Rh8 10. h5 gxh5 11. Rxh5 Rxh5 12. Bxh5 Nf6 13. Bf3 e5 14. dxe5 dxe5 15. Qxd8+ Kxd8 16. a4 b4 17. O-O-O+ Nbd7 18. Nd5 Nxd5 19. exd5 f5 20. Bg5+ Bf6 21. Bxf6+ Nxf6 22. d6 e4 23. Bg2 Ng4 24. Ne2 cxd6 25. Ng3 Nxf2 26. Rxd6+ Kc7 27. Rf6 Rg8 28. Rxf5 Rxg3 29. Rxf2 Kd6 30. Re2 e3 31. Rxe3 Rxg2 32. Rb3 a5 33. c3 Bd5 0-1

[Event "CCT Chessable Masters Play-In 2025"]
[Site "Online"]
[Date "2025.02.17"]
[Round "9.39"]
[White "Aryan Chopra"]
[Black "Kobalia, Mikhail"]
[Result "1/2-1/2"]
[WhiteElo "2620"]
[BlackElo "2538"]
[PlyCount "82"]
[EventDate "2025.02.13"]
[EventType "swiss"]
[EventCountry "NET"]

1. Nf3 d5 2. g3 c6 3. Bg2 Bg4 4. O-O e6 5. d3 Nf6 6. Qe1 Nbd7 7. e4 dxe4 8. dxe4 e5 9. Nbd2 Bc5 10. h3 Bxf3 11. Nxf3 O-O 12. Nh4 a5 13. Kh2 Re8 14. Bd2 Qb6 15. b3 a4 16. b4 Bf8 17. Qe2 g6 18. c4 Qc7 19. a3 Bg7 20. c5 Nf8 21. Bc3 Ne6 22. Nf3 Nd7 23. Rad1 Rad8 24. Qc2 b6 25. cxb6 Nxb6 26. Rxd8 Rxd8 27. Rd1 Rxd1 28. Qxd1 c5 29. Bf1 Nd4 30. bxc5 Qxc5 31. Nxd4 Qxc3 32. Nb5 Qc5 33. Kg2 h5 34. h4 Bf6 35. Qd3 Be7 36. Be2 Kg7 37. Qc3 Qxc3 38. Nxc3 Bxa3 39. Bb5 Bc5 40. Nxa4 Nxa4 41. Bxa4 Bd4 1/2-1/2

[Event "CCT Chessable Masters Play-In 2025"]
[Site "Online"]
[Date "2025.02.17"]
[Round "9.40"]
[White "Rozum, Ivan"]
[Black "Korobov, Anton"]
[Result "0-1"]
[WhiteElo "2443"]
[BlackElo "2627"]
[PlyCount "78"]
[EventDate "2025.02.13"]
[EventType "swiss"]
[EventCountry "NET"]

1. d4 Nf6 2. Nf3 e6 3. c4 d5 4. g3 Bb4+ 5. Bd2 Be7 6. Bg2 c6 7. O-O Nbd7 8. Qc2 O-O 9. Bf4 b6 10. Nbd2 Bb7 11. Rfe1 Nh5 12. Be5 f6 13. cxd5 exd5 14. Bf4 Nxf4 15. gxf4 Bd6 16. e3 Re8 17. Nf1 Nf8 18. Ng3 Rc8 19. Rad1 Rc7 20. h4 Bc8 21. Rc1 g6 22. Nh2 Kh8 23. a3 g5 24. hxg5 fxg5 25. f5 h5 26. Nxh5 Bxh2+ 27. Kxh2 Rh7 28. Qe2 Bxf5 29. Kg1 Qd6 30. Ng3 Bd7 31. Qa6 Ng6 32. Qxa7 Nh4 33. Qxb6 Rf8 34. Bh1 Nf5 35. Qb4 Qh6 36. Nh5 Ne7 37. Bg2 Qxh5 38. e4 Qh2+ 39. Kf1 Bh3 0-1

[Event "CCT Chessable Masters Play-In 2025"]
[Site "Online"]
[Date "2025.02.17"]
[Round "9.41"]
[White "Banusz, Tamas"]
[Black "Keymer, Vincent"]
[Result "0-1"]
[WhiteElo "2582"]
[BlackElo "2731"]
[PlyCount "116"]
[EventDate "2025.02.13"]
[EventType "swiss"]
[EventCountry "NET"]

1. d4 Nf6 2. g3 c6 3. Nf3 d5 4. Bg2 Bf5 5. c4 e6 6. Nc3 h6 7. Qb3 Qb6 8. c5 Qxb3 9. axb3 Be7 10. h4 Ne4 11. Bf4 Nd7 12. b4 O-O 13. h5 Rfc8 14. Nd2 Nxd2 15. Kxd2 Bf6 16. e3 e5 17. dxe5 Bxe5 18. Bh3 Bxh3 19. Rxh3 Bxc3+ 20. Kxc3 Re8 21. Rhh1 Re4 22. b3 a6 23. f3 Re6 24. g4 Rae8 25. Kd4 Nf8 26. Kd3 Rf6 27. Rhf1 Ne6 28. Bd6 Ng5 29. Bf4 Ne6 30. Bd6 g6 31. hxg6 fxg6 32. f4 Nd8 33. Be5 Rfe6 34. Rh1 Rxe5 35. fxe5 Nf7 36. Kd2 Kg7 37. Raf1 Nxe5 38. Rhg1 Nd7 39. Rf4 g5 40. Rf5 Nf6 41. Rgf1 Re6 42. R5f3 Kg6 43. Ke2 Nxg4 44. Rf8 Nxe3 45. Rg8+ Kh7 46. Rff8 Ng4+ 47. Kf3 Nf6 48. Rh8+ Kg7 49. Rb8 Re7 50. Rhc8 h5 51. Ra8 h4 52. Ra7 Kg6 53. Rb8 g4+ 54. Kf2 g3+ 55. Kf3 Nh7 56. Rbxb7 Ng5+ 57. Kg2 Re2+ 58. Kf1 g2+ 0-1

[Event "CCT Chessable Masters Play-In 2025"]
[Site "Online"]
[Date "2025.02.17"]
[Round "9.42"]
[White "Sarana, Alexey"]
[Black "Madaminov, Mukhiddin"]
[Result "0-1"]
[WhiteElo "2672"]
[BlackElo "2521"]
[PlyCount "46"]
[EventDate "2025.02.13"]
[EventType "swiss"]
[EventCountry "NET"]

1. e4 c5 2. Nf3 e6 3. d4 cxd4 4. Nxd4 Nf6 5. Nc3 Nc6 6. Bf4 Bb4 7. Ndb5 Nxe4 8. Qf3 d5 9. Nc7+ Kf8 10. Nxa8 e5 11. Bd2 Nd4 12. Qd3 Nc5 13. Qg3 Nxc2+ 14. Kd1 Nxa1 15. Qxe5 Ne4 16. Be3 Bxc3 17. bxc3 Qa5 18. Bd3 Qa4+ 19. Ke1 f6 20. Qc7 Nc2+ 21. Bxc2 Qxc2 22. Qxc8+ Kf7 23. Qxh8 Nxc3 0-1

[Event "CCT Chessable Masters Play-In 2025"]
[Site "Online"]
[Date "2025.02.17"]
[Round "9.43"]
[White "Eljanov, Pavel"]
[Black "Smirnov, Pavel"]
[Result "0-1"]
[WhiteElo "2658"]
[BlackElo "2476"]
[PlyCount "88"]
[EventDate "2025.02.13"]
[EventType "swiss"]
[EventCountry "NET"]

1. f4 d5 2. Nf3 Nf6 3. g3 g6 4. Bg2 Bg7 5. O-O O-O 6. d3 c5 7. c3 Nc6 8. a4 Re8 9. Na3 Rb8 10. Qe1 b6 11. e4 dxe4 12. dxe4 Ba6 13. Nb5 Na5 14. e5 Nd5 15. Ng5 Nc7 16. Qe2 Qd7 17. c4 Bxb5 18. cxb5 Nb3 19. Rd1 Nd4 20. Qf2 f6 21. Nf3 fxe5 22. Be3 Nce6 23. Nxe5 Bxe5 24. Bc6 Qc7 25. Bxe8 Rxe8 26. fxe5 Rf8 27. Qg2 Nf3+ 28. Kh1 Qxe5 29. Bh6 Rf5 30. Rf1 Ned4 31. g4 Rf7 32. Rae1 Qd5 33. Re3 g5 34. Rf2 Rf6 35. h3 Rxh6 36. Rfxf3 Nxf3 37. Rxf3 Rf6 38. Rf2 Qxg2+ 39. Rxg2 Rf4 40. b3 Rf3 41. Rd2 Rxh3+ 42. Kg2 Rxb3 43. Rd8+ Kf7 44. Rd7 Rb4 0-1

[Event "CCT Chessable Masters Play-In 2025"]
[Site "Online"]
[Date "2025.02.17"]
[Round "9.44"]
[White "Volokitin, Andrei"]
[Black "Ter-Sahakyan, Samvel"]
[Result "0-1"]
[WhiteElo "2643"]
[BlackElo "2611"]
[PlyCount "94"]
[EventDate "2025.02.13"]
[EventType "swiss"]
[EventCountry "NET"]

1. e4 c5 2. Nf3 Nc6 3. Bb5 Nf6 4. Bxc6 dxc6 5. d3 Qc7 6. O-O e5 7. Nbd2 Be6 8. a4 h6 9. b3 Be7 10. Bb2 Nd7 11. Nc4 Bf6 12. Nfd2 g5 13. Ne3 O-O-O 14. a5 h5 15. Nf5 g4 16. Nc4 Bxf5 17. exf5 e4 18. dxe4 Bxb2 19. Nxb2 Ne5 20. Qe1 h4 21. Qc3 h3 22. g3 Rhe8 23. f4 gxf3 24. Rae1 Rg8 25. Kh1 Rd4 26. Nd3 Nxd3 27. cxd3 Qe5 28. Rxf3 f6 29. Rc1 Rgd8 30. g4 b6 31. axb6 axb6 32. Rxh3 Qf4 33. Rg3 Rh8 34. Qe1 Rxd3 35. Rg2 Re3 36. Qf1 Qxe4 37. Qa6+ Kc7 38. Qa7+ Kd6 39. Qa1 Kc7 40. Qa7+ Kd6 41. Qa1 Ke7 42. Qa7+ Kf8 43. Qb8+ Kg7 44. Qc7+ Qe7 45. Qxc6 Re2 46. Qf3 Re3 47. Qf4 Re1+ 0-1

[Event "CCT Chessable Masters Play-In 2025"]
[Site "Online"]
[Date "2025.02.17"]
[Round "9.45"]
[White "Van Wely, Loek"]
[Black "Demchenko, Anton"]
[Result "1/2-1/2"]
[WhiteElo "2472"]
[BlackElo "2619"]
[PlyCount "92"]
[EventDate "2025.02.13"]
[EventType "swiss"]
[EventCountry "NET"]

1. d4 Nf6 2. c4 d6 3. Nf3 Nc6 4. d5 Ne5 5. Nxe5 dxe5 6. Nc3 e6 7. g3 exd5 8. cxd5 Bc5 9. Bg2 O-O 10. O-O h6 11. Qc2 Bd7 12. b3 Qe7 13. Bb2 Bd6 14. Rac1 b5 15. h3 a5 16. a4 bxa4 17. Nxa4 Rfb8 18. Nc5 Rb5 19. Ba3 Be8 20. Qc4 Rab8 21. Rc2 Nd7 22. Nxd7 Bxd7 23. Bxd6 cxd6 24. Ra1 Qf6 25. e4 R8b7 26. Qc3 Qd8 27. Qd2 Qb6 28. Kh2 Rb4 29. Rc3 Ra7 30. h4 Qd4 31. Qc2 Kh7 32. Bh3 Bxh3 33. Kxh3 Qxe4 34. Qxe4+ Rxe4 35. Rc6 Rb4 36. Ra3 Rd7 37. Ra6 g5 38. hxg5 hxg5 39. R6xa5 Kg6 40. Ra8 g4+ 41. Kg2 Kf5 42. R3a7 Rxa7 43. Rxa7 f6 44. Ra6 Rxb3 45. Rxd6 Rd3 46. Kf1 e4 1/2-1/2

[Event "CCT Chessable Masters Play-In 2025"]
[Site "Online"]
[Date "2025.02.17"]
[Round "9.46"]
[White "Rustemov, Alexander"]
[Black "Vetokhin, Savva"]
[Result "1/2-1/2"]
[WhiteElo "2525"]
[BlackElo "2533"]
[PlyCount "158"]
[EventDate "2025.02.13"]
[EventType "swiss"]
[EventCountry "NET"]

1. d4 Nf6 2. c4 e6 3. Nf3 d5 4. cxd5 exd5 5. Nc3 Bb4 6. Bf4 O-O 7. e3 c5 8. dxc5 Bxc5 9. Bd3 Nc6 10. O-O Bg4 11. h3 Bh5 12. g4 Bg6 13. Bxg6 hxg6 14. g5 Ne4 15. Qxd5 Nxc3 16. Qxc5 Ne2+ 17. Kg2 Nxf4+ 18. exf4 Qd3 19. Rad1 Qe4 20. Qe3 Qa4 21. a3 Rfe8 22. Ne5 Re6 23. Qg3 Nxe5 24. fxe5 Qe4+ 25. f3 Qxe5 26. Qxe5 Rxe5 27. f4 Rb5 28. Rf2 Rc8 29. Rd3 a5 30. Kg3 a4 31. Rfd2 Rc4 32. Kg4 Kh7 33. Rd4 Rc1 34. Rxa4 Rb3 35. Rg2 Rh1 36. Rb4 Rxb4 37. axb4 f5+ 38. gxf6 gxf6 39. Rd2 Kh6 40. Rd7 Rb1 41. Rxb7 Rxb2 42. f5 Rg2+ 43. Kf3 Rh2 44. Kg3 Rc2 45. fxg6 Kxg6 46. b5 Rc3+ 47. Kg2 Kg5 48. b6 Kf4 49. Rg7 Rc2+ 50. Kh1 Rb2 51. b7 f5 52. h4 Kf3 53. h5 Rb6 54. Kg1 Rb1+ 55. Kh2 Rb2+ 56. Kh3 f4 57. Kh4 Ke4 58. h6 f3 59. Re7+ Kd5 60. Rf7 Ke6 61. Rxf3 Rxb7 62. Kg5 Rb1 63. Rh3 Rg1+ 64. Kf4 Rf1+ 65. Kg3 Rg1+ 66. Kf4 Rf1+ 67. Kg5 Rg1+ 68. Kh5 Kf7 69. Rh4 Ra1 70. Rf4+ Kg8 71. Kg6 Rg1+ 72. Kf5 Rb1 73. Kg6 Rb6+ 74. Rf6 Rb8 75. h7+ Kh8 76. Kh6 Rc8 77. Rg6 Rb8 78. Rg8+ Rxg8 79. hxg8=Q+ Kxg8 1/2-1/2

[Event "CCT Chessable Masters Play-In 2025"]
[Site "Online"]
[Date "2025.02.17"]
[Round "9.47"]
[White "Donchenko, Alexander"]
[Black "Mekhitarian, Krikor Sevag"]
[Result "0-1"]
[WhiteElo "2632"]
[BlackElo "2506"]
[PlyCount "84"]
[EventDate "2025.02.13"]
[EventType "swiss"]
[EventCountry "NET"]

1. e4 c5 2. Nf3 Nc6 3. Bb5 Nf6 4. Nc3 Qc7 5. O-O Nd4 6. Re1 a6 7. Bf1 Ng4 8. g3 Nxf3+ 9. Qxf3 Ne5 10. Qe2 e6 11. d3 d6 12. f4 Nc6 13. Be3 Be7 14. Qf2 O-O 15. Bg2 Rb8 16. a4 b6 17. b3 Nd4 18. Ra2 Bd7 19. Ne2 Nc6 20. g4 b5 21. axb5 axb5 22. g5 f6 23. Qg3 fxg5 24. fxg5 Nb4 25. Rb2 Ra8 26. Nf4 e5 27. Nd5 Nxd5 28. exd5 Bf5 29. Be4 Qd7 30. c4 bxc4 31. bxc4 Bxe4 32. dxe4 Ra3 33. Reb1 Qa4 34. Rb7 Qc2 35. Qg4 Rxe3 36. Qe6+ Kh8 37. R7b2 Qxe4 38. Qxe7 Re1+ 39. Rxe1 Qxe1+ 40. Kg2 Qf1+ 41. Kg3 Rf3+ 42. Kg4 Qh3# 0-1

[Event "CCT Chessable Masters Play-In 2025"]
[Site "Online"]
[Date "2025.02.17"]
[Round "9.48"]
[White "Meshkovs, Nikita"]
[Black "Quintiliano, Renato R."]
[Result "1-0"]
[WhiteElo "2531"]
[BlackElo "2515"]
[PlyCount "137"]
[EventDate "2025.02.13"]
[EventType "swiss"]
[EventCountry "NET"]

1. d4 Nf6 2. Bg5 d5 3. Bxf6 exf6 4. e3 c6 5. c4 dxc4 6. Bxc4 Bd6 7. Qc2 O-O 8. Nf3 Nd7 9. Nbd2 Nb6 10. Bb3 a5 11. a3 f5 12. Ne5 Qf6 13. Ndf3 a4 14. Ba2 Be6 15. Bxe6 Qxe6 16. O-O g6 17. Rac1 Nd5 18. Rfe1 f6 19. Nd3 Qe7 20. Nc5 Bxc5 21. dxc5 Rfe8 22. Red1 Kg7 23. Rd4 Ra5 24. g3 Rea8 25. e4 fxe4 26. Rxe4 Qf7 27. Rce1 Kh8 28. Nd4 Qf8 29. Ne6 Qf7 30. Qd2 Rb5 31. Qd4 Kg8 32. h4 h5 33. Kh2 Rc8 34. R1e2 Ra8 35. Nf4 Nxf4 36. Rxf4 f5 37. Qd6 Re8 38. Rd2 Re6 39. Qd8+ Re8 40. Qg5 Rxc5 41. Rxa4 Kg7 42. Rad4 Rd5 43. Rxd5 cxd5 44. Qf4 Re4 45. Qd6 f4 46. Kg2 fxg3 47. fxg3 Re6 48. Qc5 Re5 49. Qd4 Qf6 50. Rf2 Rf5 51. Qxf6+ Kxf6 52. Rxf5+ gxf5 53. Kf3 Ke5 54. Ke3 d4+ 55. Kd3 Kd5 56. a4 Kc5 57. a5 Kb5 58. Kxd4 Kxa5 59. Ke5 Kb4 60. Kxf5 Kb3 61. g4 hxg4 62. Kxg4 Kxb2 63. h5 b5 64. h6 b4 65. h7 b3 66. h8=Q+ Ka2 67. Qa8+ Kb1 68. Qe4+ Ka2 69. Qa4+ 1-0

[Event "CCT Chessable Masters Play-In 2025"]
[Site "Online"]
[Date "2025.02.17"]
[Round "9.49"]
[White "Dvirnyy, Danyyil"]
[Black "Dai, Changren"]
[Result "0-1"]
[WhiteElo "2488"]
[BlackElo "2527"]
[PlyCount "74"]
[EventDate "2025.02.13"]
[EventType "swiss"]
[EventCountry "NET"]

1. e4 e5 2. Nf3 Nc6 3. Bb5 a6 4. Bxc6 dxc6 5. O-O Qf6 6. d4 exd4 7. Bg5 Qg6 8. Qxd4 Bd6 9. Nbd2 Be6 10. Rfe1 Nh6 11. Qc3 a5 12. a3 Ng4 13. e5 Nxe5 14. Rxe5 Bxe5 15. Qxe5 O-O 16. Qc3 Rfe8 17. Bf4 Re7 18. Qc5 Rae8 19. Bg3 Bd5 20. c4 Qc2 21. Qd4 Bxf3 22. Nxf3 c5 23. Qxc5 Qxb2 24. Rf1 b6 25. Qh5 Qxa3 26. h4 Qc3 27. Kh2 a4 28. Rd1 h6 29. Nd4 Re1 30. Rxe1 Qxe1 31. Nf5 Qe4 32. Bxc7 a3 33. Ng3 Qxc4 34. Be5 Qd5 35. f4 a2 36. Nf5 Rxe5 37. fxe5 Qxe5+ 0-1